Регионална библиотека "Любен Каравелов" - Русе

Фушикаден (Запис номер 28317)

MARC детайли
000 -Лидер
Контролно поле с фиксирана дължина 01634nam a2200385 c 4500
003 - Код на организацията, давaща контролен номер
Контролно поле BLK
005 - Дата и час на последна редакция
Контролно поле 20180420220222.0
008 - Елементи от данни с фиксирана дължина
fixed length control field 180407b bul|||||r ||||||| ||bul||
010 ## - Наследен системен номер
LC control number KNG00030911000
020 ## - Международен стандартен номер на книга ISBN
Международен стандартен номер на книга ISBN 954-07-1007-3
-- издат.: Унив. изд. Св. Климент Охридски
040 ## - Източник на каталожния запис
Идентификатор на билиотеката - собственик на записа BLK
041 ## - Код за език
Код за езика на текст/звукозапис или на отделно заглавие Български
Код за езика КДБФ Български
080 ## - УДК
Текстов определител УДК Други видове театри
УДК код - определител по УДК 792.9
УДК определител .032.12
УДК - код + определител 792.9.032.12
080 ## - УДК
Текстов определител УДК Театър. Сценично изкуство. Вж 725.82; 782; 82-2
УДК код - определител по УДК 792
УДК определител .028
УДК - код + определител 792.028
100 1# - Редна дума - Автор
Автор Мотокийо Дзеами
Авторска отговорност първи автор
R(LIN) 99349
139 ## - Редно поле
Редна дума Мотокийо Дзеами
Авторски знак Мот - М 93
245 10 - Сведения за заглавието
Заглавие Фушикаден
Подзаглавни данни Напътствия за цветето в НО
Редно поле (дума) Мотокийо Дзеами; прев. от япон. Бойка Елит Цигова.
257 ## - Страна на издаване
Страна на създаване/издаване Япония
260 ## - Област на издателските данни
-- София
Име на издателя, разпространителя и проч. Унив. изд. Св. Климент Охридски
Година на издаване 2000
300 ## - Физическа характеристика
Страници 160 с.
Илюстрации и др. с факс., ил.
Размери/Мащаб 20 см
380 ## - Жанр
Жанр Изкуство
490 1# - СЕРИИ (Колекции)
Име на серия Изтоковедски изследвания ORIENS
500 ## - Общи забележки
Забележка Ориг. загл. на старояп. ез. - Авт. не е отбелязан на кор.
650 #4 - Допълнително описание по предмет – тема
Основно описание – тема или топоним Театър - Япония
9 (RLIN) 269720
650 #4 - Допълнително описание по предмет – тема
Основно описание – тема или топоним Актьорско майсторство
9 (RLIN) 257274
653 ## - Ключова дума – ненормативна
Ключова дума Япония
653 ## - Ключова дума – ненормативна
Ключова дума театър
653 ## - Ключова дума – ненормативна
Ключова дума НО
700 1# - Други автори (авторска отговорност)
Лично име Цигова, Бойка Елит
Автороска отговорност (Описва отношението между автора и произведението) прев. от япон.
9 (RLIN) 269719
852 ## - Местоположение
Форматна сигнатура Цб 203676
856 4# - Електронен адрес и достъп
Електронен формат pdf - файл
Път до файла /url/
856 4# - Електронен адрес и достъп
Електронен формат pdf - файл
Път до файла /url/
942 ## - АРТИКУЛИ
Вид на библиотечния материал Книги
Скрит в OPAC Не
944 ## - СЪЗДАВАНЕ И РЕДАКЦИЯ на ЗАПИСА
Създаване/Редакция Създаване
Дата на регистрацията/редакция 15.01.2003
Служител, извършил регистрацията/редакцията Цветанка_Енчева
944 ## - СЪЗДАВАНЕ И РЕДАКЦИЯ на ЗАПИСА
Създаване/Редакция Редакция
Дата на регистрацията/редакция 21.07.2015
Служител, извършил регистрацията/редакцията Ирена_Линкова
999 ## - СИСТЕМНИ КОНТРОЛНИ НОМЕРА
Koha biblionumber 28317
Koha biblioitemnumber 28317
Наличности
Код за отписване Код за изгубен артикул Източник на класификационната схема Код за повреда Коз за рестрикции Код за отдаване Артикулен № Име на библиотеката - собственик Име на библиотеката, в която се намира в момента Статус (Текущо местоположение) Дата на вписване в системата Местоположение - отдел Цена в лева Инвентарен номер Систематично азбучна сигнатура Баркод Номер на екземпляра Цена в евро Служебна бележка Служебен тип на артикула
  Не е изгубен Universal Decimal Classification Не е повреден само за читалня ползва се в читалня 45520 Регионална библиотека "Любен Каравелов" Русе Регионална библиотека "Любен Каравелов" Русе Хранилище 2001-01-01 Хранилище 0.00 653984 Цб 203676 120000653984 1 0.00 Дост: Dp Вид: Д N: стар фонд Дата: 01.01.2001 Книги
  Не е изгубен Universal Decimal Classification Не е повреден без рестрикции заемане за дома 45521 Регионална библиотека "Любен Каравелов" Русе Регионална библиотека "Любен Каравелов" Русе Отдел Изкуство - подръчен фонд 2001-01-01 Отдел Изкуство - подръчен фонд 5.00 657246 792/М 93 120000657246 2 2.56 Дост: Pk Вид: Ф N: стар фонд Дата: 01.01.2001 Дата инв: 05.04.2017 Бележки инв: ИП2017 Книги
Изтеглен Не е изгубен Universal Decimal Classification Не е повреден без рестрикции заемане за дома 45522 Регионална библиотека "Любен Каравелов" Русе Регионална библиотека "Любен Каравелов" Русе Отдел Изкуство - подръчен фонд 2001-01-01 Отдел Изкуство - подръчен фонд 5.00 657249 792/М 93 657249 3 2.56 Дост: Pk Вид: Ф N: стар фонд Дата: 01.01.2001 Дата инв: 05.04.2017 Бележки инв: ИП2017 Книги
  Не е изгубен Universal Decimal Classification Не е повреден без рестрикции заемане за дома 45523 Регионална библиотека "Любен Каравелов" Русе Регионална библиотека "Любен Каравелов" Русе Отдел Изкуство - подръчен фонд 2001-01-01 Отдел Изкуство - подръчен фонд 5.00 657250 792/М 93 120000657250 4 2.56 Дост: Pk Вид: Ф N: стар фонд Дата: 01.01.2001 Дата инв: 05.04.2017 Бележки инв: ИП2017 Книги
  Не е изгубен Universal Decimal Classification Не е повреден без рестрикции заемане за дома 45524 Регионална библиотека "Любен Каравелов" Русе Регионална библиотека "Любен Каравелов" Русе Отдел Изкуство - подръчен фонд 2005-06-28 Отдел Изкуство - подръчен фонд 3.90 120000695176 792/М 93 120000695176 5 1.99 Дост: DA Вид: А N: 16 Дата: 27.06.2005 Дата инв: 18.06.2012 Бележки инв: * Книги
Vip Innovations Ltd, Rousse, Bulgaria 2025